Statistics for Basic NSTP Questions

Click here to take the quiz!

General Stats

  • This quiz has been taken 73 times
  • The average score is 24 of 35

Answer Stats

HintAnswer% Correct
The process that involves most logical choices from among two or more options.Decision Making
93%
This is where child grows in an atmosphere of affection and overprotection.Family
89%
End point of human beingHappiness
89%
Capacity of mental, physical, emotional and social activities experienced during five stage of human being.Human Behavior
89%
It comes from the Greek word “dunamis” which mean "force"Dynamics
85%
Implementing R and RImplementing Rules and Regulations
85%
Live and devotion to one’s country.Patriotism
85%
It is the fundamental law of the landConstitution
81%
The attitude of the member of the nation which includes national identity (origin, ethnicity, culturalism).Nationalism
81%
All students whether enrolled baccalaureate degree must take up NSTP on this period of time.Two Semester
81%
Worth or importance of particular thing.Value
81%
Define human person as a self-conscious animal.Dictionary
78%
Define as two or more persons engage in social interaction.Group
78%
Introductory preliminary document that explains purposes and underlying philosophy.Preamble
78%
Everything that surround us from the natural world to manmade physical structure.Environment
74%
Design to train student to teach literacy and numeracy skills to children and other segments of society in need of services.Literacy Training Service
74%
The root of Filipinos optimism and capacity to accept life hardshipReligion
70%
Deeply rooted submitted to divine creator and believing in this authority of all creationFaith
67%
Group formed by individuals who enjoy similar social activities, political belief, values, and other common bonds.Friendship Group
67%
Refers to the study of a force operating with the group.Group Dynamics
67%
Specified by the organization chart and often composed of a leader and members who directly report to him/her.Command Group
63%
Created by an organization to accomplish specific goals within an unspecified timeframe.Functional Group
63%
Process of working collaboratively with sort of people to achieve goal.Team Work
63%
The quality of the mind that enables the person, face difficulties and danger without fear.Courage
59%
Composed of people who evaluated for social validation and social comparison.Reference Group
59%
The art of arranging, organizing, scheduling, and budgeting one’s time of the purpose of generating more effective work and productivity.Time Management
59%
Consist of people who work together to achieve common task.Task Group
56%
It refers to the act of reading or the process of social influence in which one person can enlist the eight and support of others in accomplishment of the common task.Leadership
52%
Characteristics by intimate face to face association and cooperation among its members.Primary Group
48%
Means being able to take responsibility of your life.Proactive
48%
Consist of the members who are aware and cognizant of personal relationship but do not feel that their lives are bound with one another except in the time of social crisis.Secondary Group
48%
Discipline that looks into the totality of relationship in individual’s lifeSociology
48%
This leadership is based on power that makes use of rewards and coercion to deliver benefits to the members.Transactional Leadership
48%
Real leadership starts with the recognition on what the member need and steps toward achieving needs and reliefs reward to efforts.Transformational Leadership
44%
Determine to attain their goals in spite of the obstacles and problems.Persistence
41%

Score Distribution

Percentile by Number Answered

Percent of People with Each Score

Your Score History

You have not taken this quiz